Т. 2 : Оловянно-вольфрамовые, полиметаллические, золоторудные месторождения; Генетические модели эндогенных рудных формаций

מידע ביבליוגרפי
Parent link:Генетические модели эндогенных рудных формаций: материалы совещания, 20-22 мая 1981 г., Новосибирск/ Сибирское отделение АН СССР; Институт геологии и геофизики. Т. 2 : Оловянно-вольфрамовые, полиметаллические, золоторудные месторождения.— , 1983
שפה:רוסית
יצא לאור: 1983
נושאים:
פורמט: MixedMaterials ספר
KOHA link:https://koha.lib.tpu.ru/cgi-bin/koha/opac-detail.pl?biblionumber=47353

MARC

LEADER 00000nam2a2200000 4500
001 47353
005 20240801135945.0
035 |a (RuTPU)RU\TPU\book\49453 
090 |a 47353 
100 |a 20030206d1983 k y0rusy50 ca 
101 0 |a rus 
102 |a RU 
105 |a a z 101zy 
200 0 |a Т. 2 : Оловянно-вольфрамовые, полиметаллические, золоторудные месторождения 
210 |d 1983 
461 1 |0 (RuTPU)RU\TPU\book\125393  |t Генетические модели эндогенных рудных формаций  |o материалы совещания, 20-22 мая 1981 г., Новосибирск  |o в 2 т.  |f Сибирское отделение АН СССР; Институт геологии и геофизики   |v Т. 2 : Оловянно-вольфрамовые, полиметаллические, золоторудные месторождения  |d 1983  |s Модели рудных формаций 
606 1 |a Рудные формации  |x Моделирование  |9 50050 
610 1 |a эндогенные рудные формации 
610 1 |a генетические модели 
610 1 |a оловянно-вольфрамовые месторождения 
610 1 |a полиметаллические месторождения 
610 1 |a золоторудные месторождения 
610 1 |a совещания 
675 |a 553.06(063)  |v 3 
801 1 |a RU  |b 63413507  |c 20030206  |g PSBO 
801 2 |a RU  |b 63413507  |c 20170201  |g PSBO 
942 |c BK